|
|
|
|
| LEADER |
00000nab a2200000 a 4500 |
| 001 |
vtls000190234 |
| 003 |
SK-MaSNL |
| 005 |
20260304075243.0 |
| 008 |
250422c1984 xo 0 slo |
| 015 |
|
|
|a SNBRB19rr/mm-uuuuu
|
| 035 |
|
|
|a CL0200347
|
| 035 |
|
|
|a urn:nbn:sk:snk-ab55b
|
| 035 |
|
|
|a (urnnbn)urn:nbn:sk:snk:ar-0049yf
|
| 035 |
|
|
|a (uuid)1557f46f-836a-4cab-8ad4-65bee58f8a0d
|
| 040 |
|
|
|a SNKBUCL
|b slo
|c SNKBUCL
|e AACR2
|
| 041 |
0 |
|
|a slo
|
| 044 |
|
|
|a xo
|c SK
|
| 080 |
|
|
|a 37.015.3:159.922.7:159.922
|2 1981
|
| 080 |
|
|
|a 159.922.7
|2 1981
|
| 080 |
|
|
|a 159.922
|2 1981
|
| 100 |
1 |
|
|a Maťuškin, A. M.
|4 aut
|9 1015313
|
| 245 |
1 |
0 |
|a Súčasný stav a úlohy detskej, vývinovej a pedagogickej psychológie
|b Z čas. Voprosy psichologii, č. 6, 1983
|c A. M. Maťuškin, N. V. Kuzminová ; Tatiana Medvedevová
|
| 300 |
|
|
|b Lit. 9 zázn. v slov.
|
| 650 |
0 |
7 |
|a pedagogická psychológia
|2 snkbucl
|9 58135
|
| 650 |
0 |
7 |
|a psychológia dieťaťa
|2 snkbucl
|9 1793
|
| 650 |
0 |
7 |
|a vývinová psychológia
|2 snkbucl
|9 780
|
| 655 |
|
7 |
|a články z novín a časopisov
|2 snkbucl
|9 267496
|
| 700 |
1 |
|
|a Medvedevová, Tatiana
|4 trl
|9 504149
|
| 700 |
1 |
|
|a Kuzminová, N. V.
|4 aut
|9 592998
|
| 773 |
0 |
|
|t Jednotná škola
|g Roč. 36, č. 6 (1984), s. 531-547
|
| 850 |
|
|
|a Slovenská národná knižnica
|
| 852 |
|
|
|a Slovenská národná knižnica
|
| 954 |
|
|
|a odborná, vedecká literatúra pôvodná (slovenská)
|2 lita
|
| 958 |
|
|
|a article27
|
| 958 |
|
|
|a OND
|
| 958 |
|
|
|a NB
|
| 958 |
|
|
|a RK
|
| 958 |
|
|
|a SU
|
| 958 |
|
|
|a EUIPO
|
| 992 |
|
|
|a RBX
|
| 999 |
|
|
|c 2780443
|d 2782373
|